| 000 | 00767cab a2200217 4500 | ||
|---|---|---|---|
| 001 | WB3408-35 | ||
| 008 | 090401t1998 xxu||||| |||| 00| 0 eng d | ||
| 035 | _a(Sirsi) u84496 | ||
| 041 | _aeng | ||
| 245 | _aMerger with ISVA revived | ||
| 260 | _c1998 | ||
| 350 | _a0 | ||
| 490 |
_aRICS Press Release _v(pr16.corp) 20 February 1998 (2) |
||
| 520 | _aThe RICS General Council has decided to work up proposals to merge with the ISVA. Detailed proposals will be formulated followed by wide consultation among members. | ||
| 650 | _aABOUT RICS-RELATED ORGANISATIONS-INCORPORATED SOCIETY OF VALUERS AND AUCTIONEERS | ||
| 650 | _aMERGER | ||
| 650 | _aRICS | ||
| 690 | _aMANAGEMENT-BUSINESS MANAGEMENT-PROFESSIONAL PRACTICE | ||
| 942 | _n0 | ||
| 948 | _c25/02/1998 | ||
| 999 |
_c53098 _d53098 |
||